000 00254nam a2200097Ia 4500
001 1229393
005 20250827093100.0
008 250824s9999 xx 000 0 und d
245 0 _aKUZGUN GEÇİDİ
_cANTHONY HOROWITZ
260 _bALTIN KİTAPLAR YAYINLARI
999 _c1229393
_d1229393